| 000 | 00460nam a2200181 a 4500 | ||
|---|---|---|---|
| 001 | 1769080477843 | ||
| 003 | YourLibrary | ||
| 005 | 20260123163855.0 | ||
| 008 | 260122s2009##################000#0#eng## | ||
| 020 | _a9781594516207 | ||
| 082 | 0 | 4 |
_a303.64 _bREG |
| 100 | 1 |
_aRegan, Patrick M., _eauthor. |
|
| 245 | 1 | 0 | _aSixteen Million One : |
| 260 |
_bRoutledge, _c2009. |
||
| 650 | 0 | _aCivil war. | |
| 942 | _cENGLISH | ||
| 040 |
_aYourLibrary _beng _cYourLibrary |
||
| 999 |
_c609013 _d609013 |
||